Normal view
MARC view
- Manual of practice ;
Entry Uniform Title
001 - CONTROL NUMBER
- control field: 5964
003 - CONTROL NUMBER IDENTIFIER
- control field: NUST
005 - DATE AND TIME OF LATEST TRANSACTION
- control field: 20171103163030.0
008 - FIXED-LENGTH DATA ELEMENTS
- fixed length control field: 171103|| aca||aabn | a|a d
040 ## - CATALOGING SOURCE
- Original cataloging agency: NUST
- Transcribing agency: NUST
130 ## - HEADING--UNIFORM TITLE
- Uniform title: Manual of practice ;
- Form subdivision: no. 8.
670 ## - SOURCE DATA FOUND
- Source citation: Work cat.: (NUST)0: Design of municipal wastewater treatment plants /, 1992.
